000
00263nam a2200109Ia 4500
008
221009s9999 xx 000 0 und d
082
_a
920/pat
100
_a
Pat, I.J.
_9
81231
245
0
_a
Builders Of Modern India
260
_b
Publications Division
942
_c
BK
999
_c
64918
_d
64918